[Event "II Open Internacional Blitz Quart de Pob"]
[Site "Quart de Poblet, Spain"]
[Date "2019.08.10"]
[Round "8.5"]
[White "Davtyan, David Arm"]
[Black "Plaskett, H James"]
[Result "0-1"]
[WhiteElo "2030"]
[BlackElo "2474"]
[PlyCount "156"]
[EventDate "2019.??.??"]

1. Nf3 {[%clk 00:06:56]  [%emt 00:00:14]} 1... Nf6 {
[%clk 00:05:39]  [%emt 00:01:22]} 2. g3 {[%clk 00:06:58]  [%emt 00:00:13]} 2...
b5 {[%clk 00:05:40]} 3. Bg2 {[%clk 00:06:57]} 3... Bb7 {[%clk 00:05:43]} 4. O-O
{[%clk 00:06:57]  [%emt 00:00:03]} 4... c5 {[%clk 00:05:45]} 5. d4 {
[%clk 00:06:54]  [%emt 00:00:05]} 5... cxd4 {[%clk 00:05:43]  [%emt 00:00:04]}
6. Nxd4 {[%clk 00:06:55]  [%emt 00:00:04]} 6... Bxg2 {
[%clk 00:05:44]  [%emt 00:00:03]} 7. Kxg2 {[%clk 00:06:57]} 7... Qc7 {
[%clk 00:05:45]  [%emt 00:00:08]} 8. Qd3 {[%clk 00:06:50]  [%emt 00:00:04]}
8... a6 {[%clk 00:05:46]  [%emt 00:00:03]} 9. a4 {
[%clk 00:06:41]  [%emt 00:00:08]} 9... b4 {[%clk 00:05:30]  [%emt 00:00:29]}
10. e4 {[%clk 00:06:25]  [%emt 00:00:08]} 10... e6 {
[%clk 00:05:10]  [%emt 00:00:23]} 11. Be3 {[%clk 00:06:01]  [%emt 00:00:28]}
11... d6 {[%clk 00:05:07]  [%emt 00:00:30]} 12. c3 {
[%clk 00:05:53]  [%emt 00:00:03]} 12... Qb7 {[%clk 00:05:00]} 13. f3 {
[%clk 00:05:52]  [%emt 00:00:04]} 13... Nbd7 {[%clk 00:05:00]} 14. cxb4 {
[%clk 00:04:53]  [%emt 00:01:00]} 14... Qxb4 {[%clk 00:05:00]  [%emt 00:00:15]}
15. Rf2 {[%clk 00:04:39]  [%emt 00:00:08]} 15... Ne5 {
[%clk 00:04:59]  [%emt 00:00:07]} 16. Qc3 {[%clk 00:04:29]  [%emt 00:00:39]}
16... Qb7 {[%clk 00:04:58]} 17. Nd2 {[%clk 00:03:52]  [%emt 00:00:11]} 17...
Be7 {[%clk 00:04:46]  [%emt 00:00:15]} 18. Rc1 {
[%clk 00:03:37]  [%emt 00:00:24]} 18... O-O {[%clk 00:04:43]  [%emt 00:00:03]}
19. Qc7 {[%clk 00:03:36]  [%emt 00:00:04]} 19... Rfb8 {
[%clk 00:04:45]  [%emt 00:00:03]} 20. Rc3 {[%clk 00:02:50]  [%emt 00:00:44]}
20... Qxc7 {[%clk 00:04:37]  [%emt 00:00:34]} 21. Rxc7 {[%clk 00:02:51]} 21...
Bd8 {[%clk 00:04:39]} 22. Rc2 {[%clk 00:02:38]  [%emt 00:00:04]} 22... Nd3 {
[%clk 00:04:37]} 23. Rf1 {[%clk 00:02:34]  [%emt 00:00:07]} 23... Rxb2 {
[%clk 00:04:30]  [%emt 00:00:06]} 24. Rxb2 {[%clk 00:02:30]  [%emt 00:00:12]}
24... Nxb2 {[%clk 00:04:32]  [%emt 00:00:04]} 25. Ra1 {
[%clk 00:02:12]  [%emt 00:00:14]} 25... Rc8 {[%clk 00:04:21]  [%emt 00:00:42]}
26. Ra2 {[%clk 00:02:07]  [%emt 00:00:03]} 26... Nd1 {[%clk 00:04:10]} 27. Bg1
{[%clk 00:01:57]  [%emt 00:00:04]} 27... Kf8 {[%clk 00:04:06]  [%emt 00:00:15]}
28. Ne2 {[%clk 00:01:43]  [%emt 00:00:08]} 28... d5 {
[%clk 00:04:00]  [%emt 00:00:38]} 29. e5 {[%clk 00:01:30]  [%emt 00:00:22]}
29... Nd7 {[%clk 00:04:02]} 30. f4 {[%clk 00:01:31]} 30... Ke8 {[%clk 00:04:04]
} 31. Nd4 {[%clk 00:01:26]} 31... g6 {[%clk 00:04:03]} 32. Kf3 {[%clk 00:01:24]
} 32... Ba5 {[%clk 00:04:00]} 33. N2b3 {[%clk 00:01:20]  [%emt 00:00:27]} 33...
Bb4 {[%clk 00:04:01]} 34. Ra1 {[%clk 00:01:03]} 34... Nb2 {
[%clk 00:04:00]  [%emt 00:00:06]} 35. Ra2 {[%clk 00:01:02]} 35... Nc4 {
[%clk 00:04:01]  [%emt 00:00:03]} 36. h4 {[%clk 00:00:53]  [%emt 00:00:11]}
36... h5 {[%clk 00:04:02]  [%emt 00:00:03]} 37. g4 {
[%clk 00:00:53]  [%emt 00:00:03]} 37... hxg4+ {[%clk 00:04:02]} 38. Kxg4 {
[%clk 00:00:55]  [%emt 00:00:04]} 38... Ke7 {[%clk 00:03:53]  [%emt 00:00:07]}
39. Bf2 {[%clk 00:00:55]  [%emt 00:00:14]} 39... Bc3 {
[%clk 00:03:44]  [%emt 00:00:11]} 40. Ne2 {[%clk 00:00:52]} 40... Bb4 {
[%clk 00:03:40]  [%emt 00:00:08]} 41. Ned4 {[%clk 00:00:50]  [%emt 00:00:04]}
41... Nc5 {[%clk 00:03:42]} 42. Nxc5 {[%clk 00:00:49]  [%emt 00:00:04]} 42...
Bxc5 {[%clk 00:03:44]  [%emt 00:00:04]} 43. Ra1 {
[%clk 00:00:38]  [%emt 00:00:08]} 43... Nd2 {[%clk 00:03:41]  [%emt 00:00:08]}
44. Rc1 {[%clk 00:00:33]  [%emt 00:00:09]} 44... Ne4 {
[%clk 00:03:36]  [%emt 00:00:06]} 45. Be3 {[%clk 00:00:34]  [%emt 00:00:09]}
45... Bxd4 {[%clk 00:03:33]  [%emt 00:00:03]} 46. Rxc8 {
[%clk 00:00:33]  [%emt 00:00:03]} 46... Bxe3 {[%clk 00:03:35]} 47. Rc7+ {
[%clk 00:00:30]  [%emt 00:00:07]} 47... Kf8 {[%clk 00:03:37]} 48. Kf3 {
[%clk 00:00:30]  [%emt 00:00:08]} 48... Bd2 {[%clk 00:03:18]  [%emt 00:00:14]}
49. Ra7 {[%clk 00:00:26]  [%emt 00:01:25]} 49... a5 {[%clk 00:03:20]} 50. Kg4 {
[%clk 00:00:25]} 50... Kg7 {[%clk 00:03:22]} 51. Kf3 {[%clk 00:00:22]} 51...
Be1 {[%clk 00:03:20]} 52. h5 {[%clk 00:00:23]} 52... gxh5 {[%clk 00:03:21]} 53.
f5 {[%clk 00:00:25]} 53... Bb4 {[%clk 00:03:07]} 54. f6+ {[%clk 00:00:19]}
54... Kg6 {[%clk 00:03:06]} 55. Ra8 {[%clk 00:00:19]} 55... Kf5 {
[%clk 00:03:08]} 56. Ra7 {[%clk 00:00:19]} 56... Ng5+ {
[%clk 00:03:09]  [%emt 00:00:04]} 57. Kg3 {[%clk 00:00:20]  [%emt 00:00:03]}
57... Kxe5 {[%clk 00:03:10]} 58. Kh4 {[%clk 00:00:22]} 58... Kxf6 {
[%clk 00:03:11]} 59. Ra8 {[%clk 00:00:23]} 59... d4 {[%clk 00:03:12]} 60. Rg8 {
[%clk 00:00:24]} 60... Nf3+ {[%clk 00:03:13]} 61. Kg3 {
[%clk 00:00:26]  [%emt 00:00:07]} 61... Ne5 {[%clk 00:03:15]} 62. Kf4 {
[%clk 00:00:26]} 62... d3 {[%clk 00:03:16]} 63. Ke3 {[%clk 00:00:28]} 63... d2
{[%clk 00:03:16]} 64. Ke2 {[%clk 00:00:31]} 64... h4 {[%clk 00:03:18]} 65. Rh8
{[%clk 00:00:31]  [%emt 00:00:07]} 65... Kg5 {[%clk 00:03:20]} 66. Rg8+ {
[%clk 00:00:32]  [%emt 00:00:04]} 66... Kf4 {[%clk 00:03:22]} 67. Rg1 {
[%clk 00:00:33]} 67... f5 {[%clk 00:03:23]} 68. Rh1 {[%clk 00:00:35]} 68... Ng6
{[%clk 00:03:24]  [%emt 00:00:04]} 69. Rf1+ {[%clk 00:00:37]} 69... Kg5 {
[%clk 00:03:25]  [%emt 00:00:04]} 70. Rg1+ {[%clk 00:00:40]} 70... Kf6 {
[%clk 00:03:27]} 71. Rh1 {[%clk 00:00:42]} 71... e5 {
[%clk 00:03:28]  [%emt 00:00:04]} 72. Kd1 {[%clk 00:00:44]} 72... e4 {
[%clk 00:03:30]} 73. Ke2 {[%clk 00:00:46]  [%emt 00:00:04]} 73... f4 {
[%clk 00:03:32]} 74. Kd1 {[%clk 00:00:48]} 74... f3 {[%clk 00:03:33]} 75. Rf1 {
[%clk 00:00:41]  [%emt 00:00:10]} 75... Kf5 {[%clk 00:03:35]} 76. Kc2 {
[%clk 00:00:38]  [%emt 00:00:08]} 76... h3 {[%clk 00:03:35]  [%emt 00:00:05]}
77. Kd1 {[%clk 00:00:40]} 77... h2 {[%clk 00:03:35]} 78. Rh1 {
[%clk 00:00:42]  [%emt 00:00:07]} 78... e3 {[%clk 00:03:37]} 0-1

[Event "II Open Internacional Blitz Quart de Pob"]
[Site "Quart de Poblet, Spain"]
[Date "2019.08.10"]
[Round "8.6"]
[White "Redondo Flores, David"]
[Black "Diaz Velandia, Jose Manuel"]
[Result "0-1"]
[WhiteElo "2009"]
[BlackElo "2377"]
[PlyCount "130"]
[EventDate "2019.??.??"]

1. e4 {[%clk 00:07:05]} 1... c6 {[%clk 00:07:05]  [%emt 00:00:10]} 2. d4 {
[%clk 00:07:07]  [%emt 00:00:04]} 2... d5 {[%clk 00:07:07]} 3. f3 {
[%clk 00:07:09]} 3... dxe4 {[%clk 00:07:08]} 4. fxe4 {[%clk 00:07:10]} 4... e5
{[%clk 00:07:10]  [%emt 00:00:04]} 5. Nf3 {[%clk 00:07:12]} 5... Bg4 {
[%clk 00:07:11]} 6. Bc4 {[%clk 00:07:03]  [%emt 00:00:39]} 6... f6 {
[%clk 00:07:12]} 7. c3 {[%clk 00:06:48]} 7... Bxf3 {[%clk 00:07:12]} 8. gxf3 {
[%clk 00:06:41]  [%emt 00:00:05]} 8... exd4 {[%clk 00:07:04]  [%emt 00:00:08]}
9. cxd4 {[%clk 00:06:34]  [%emt 00:00:10]} 9... Bb4+ {
[%clk 00:07:05]  [%emt 00:00:20]} 10. Nc3 {[%clk 00:06:33]} 10... Ne7 {
[%clk 00:06:26]  [%emt 00:00:28]} 11. Qb3 {[%clk 00:06:16]  [%emt 00:00:34]}
11... Ba5 {[%clk 00:06:20]} 12. Bf7+ {[%clk 00:06:11]  [%emt 00:00:07]} 12...
Kf8 {[%clk 00:06:22]  [%emt 00:00:04]} 13. Be3 {
[%clk 00:05:57]  [%emt 00:00:09]} 13... Qb6 {[%clk 00:06:06]  [%emt 00:00:19]}
14. O-O-O {[%clk 00:05:45]  [%emt 00:00:27]} 14... Qxb3 {[%clk 00:06:07]} 15.
Bxb3 {[%clk 00:05:46]} 15... Nd7 {[%clk 00:05:47]  [%emt 00:00:16]} 16. d5 {
[%clk 00:05:22]  [%emt 00:00:37]} 16... Bb6 {[%clk 00:05:26]  [%emt 00:00:13]}
17. Bxb6 {[%clk 00:05:13]  [%emt 00:00:15]} 17... Nxb6 {
[%clk 00:05:27]  [%emt 00:00:03]} 18. d6 {[%clk 00:05:15]} 18... Ng6 {
[%clk 00:05:27]  [%emt 00:00:04]} 19. Be6 {[%clk 00:04:26]  [%emt 00:01:17]}
19... Rd8 {[%clk 00:05:26]} 20. Ne2 {[%clk 00:04:17]  [%emt 00:00:04]} 20...
Nc8 {[%clk 00:05:08]  [%emt 00:00:07]} 21. Bxc8 {
[%clk 00:03:47]  [%emt 00:00:30]} 21... Rxc8 {[%clk 00:05:10]  [%emt 00:00:10]}
22. f4 {[%clk 00:03:45]  [%emt 00:00:03]} 22... Kf7 {
[%clk 00:05:05]  [%emt 00:00:07]} 23. Rhf1 {[%clk 00:03:43]} 23... Rcd8 {
[%clk 00:05:03]  [%emt 00:00:08]} 24. e5 {[%clk 00:03:45]} 24... Rhe8 {
[%clk 00:05:04]  [%emt 00:00:04]} 25. Nd4 {[%clk 00:03:39]  [%emt 00:00:14]}
25... Kg8 {[%clk 00:04:59]  [%emt 00:00:04]} 26. exf6 {
[%clk 00:02:38]  [%emt 00:00:58]} 26... Rxd6 {[%clk 00:04:18]  [%emt 00:00:47]}
27. f5 {[%clk 00:02:30]  [%emt 00:00:08]} 27... Ne5 {
[%clk 00:03:20]  [%emt 00:01:01]} 28. fxg7 {[%clk 00:02:29]  [%emt 00:00:39]}
28... Rh6 {[%clk 00:02:18]  [%emt 00:00:29]} 29. Ne6 {
[%clk 00:01:54]  [%emt 00:00:46]} 29... Rxh2 {[%clk 00:01:57]  [%emt 00:00:16]}
30. f6 {[%clk 00:01:45]  [%emt 00:00:28]} 30... Nf7 {
[%clk 00:01:35]  [%emt 00:00:14]} 31. Rde1 {[%clk 00:01:26]  [%emt 00:00:43]}
31... Rh6 {[%clk 00:00:53]  [%emt 00:00:44]} 32. Kd1 {
[%clk 00:01:14]  [%emt 00:00:03]} 32... Rg6 {[%clk 00:00:54]} 33. Nc7 {
[%clk 00:01:03]  [%emt 00:00:07]} 33... Rxe1+ {[%clk 00:00:26]  [%emt 00:00:59]
} 34. Kxe1 {[%clk 00:01:05]} 34... h5 {[%clk 00:00:25]} 35. Ne6 {
[%clk 00:00:48]} 35... h4 {[%clk 00:00:27]  [%emt 00:00:04]} 36. Nd4 {
[%clk 00:00:50]} 36... h3 {[%clk 00:00:26]} 37. Rf2 {
[%clk 00:00:13]  [%emt 00:00:38]} 37... h2 {[%clk 00:00:26]  [%emt 00:00:03]}
38. Rxh2 {[%clk 00:00:15]} 38... Rxf6 {[%clk 00:00:28]  [%emt 00:00:04]} 39.
Rg2 {[%clk 00:00:16]} 39... Ne5 {[%clk 00:00:27]  [%emt 00:00:04]} 40. Kd2 {
[%clk 00:00:11]  [%emt 00:00:12]} 40... c5 {[%clk 00:00:24]  [%emt 00:00:07]}
41. Nb5 {[%clk 00:00:12]} 41... a6 {[%clk 00:00:22]  [%emt 00:00:03]} 42. Nc3 {
[%clk 00:00:11]  [%emt 00:00:03]} 42... Rd6+ {[%clk 00:00:17]  [%emt 00:00:05]}
43. Ke2 {[%clk 00:00:09]  [%emt 00:00:33]} 43... Nc4 {
[%clk 00:00:15]  [%emt 00:00:03]} 44. b3 {[%clk 00:00:07]} 44... Rd2+ {
[%clk 00:00:12]} 45. Kf3 {[%clk 00:00:08]} 45... Ne5+ {[%clk 00:00:13]} 46. Kg3
{[%clk 00:00:05]  [%emt 00:00:07]} 46... Rxg2+ {[%clk 00:00:07]} 47. Kxg2 {
[%clk 00:00:07]} 47... Kxg7 {[%clk 00:00:07]  [%emt 00:00:03]} 48. Na4 {
[%clk 00:00:09]  [%emt 00:00:07]} 48... Nd7 {[%clk 00:00:06]} 49. Kf3 {
[%clk 00:00:11]} 49... Kf6 {[%clk 00:00:08]} 50. Ke4 {[%clk 00:00:13]} 50...
Ke6 {[%clk 00:00:10]  [%emt 00:00:14]} 51. Nc3 {[%clk 00:00:14]} 51... Nf6+ {
[%clk 00:00:12]} 52. Kf4 {[%clk 00:00:16]} 52... Nd5+ {[%clk 00:00:14]} 53.
Nxd5 {[%clk 00:00:14]} 53... Kxd5 {[%clk 00:00:16]} 54. Ke3 {[%clk 00:00:17]}
54... c4 {[%clk 00:00:15]  [%emt 00:00:04]} 55. Kd2 {
[%clk 00:00:17]  [%emt 00:00:03]} 55... Kd4 {[%clk 00:00:11]  [%emt 00:00:05]}
56. Kc2 {[%clk 00:00:16]  [%emt 00:00:09]} 56... b6 {
[%clk 00:00:07]  [%emt 00:00:14]} 57. bxc4 {[%clk 00:00:18]} 57... Kxc4 {
[%clk 00:00:09]  [%emt 00:00:07]} 58. Kb2 {[%clk 00:00:20]} 58... Kb4 {
[%clk 00:00:11]} 59. a3+ {[%clk 00:00:14]} 59... Kc4 {[%clk 00:00:13]} 60. Kc2
{[%clk 00:00:16]  [%emt 00:00:07]} 60... b5 {[%clk 00:00:08]  [%emt 00:00:06]}
61. Kb2 {[%clk 00:00:18]} 61... a5 {[%clk 00:00:08]} 62. Kc2 {
[%clk 00:00:19]  [%emt 00:00:04]} 62... a4 {[%clk 00:00:09]} 63. Kb2 {
[%clk 00:00:20]} 63... Kd3 {[%clk 00:00:11]} 64. Kb1 {[%emt 00:00:14]} 64...
Kc3 {[%clk 00:00:12]} 65. Ka2 {[%clk 00:00:15]} 65... Kc2 {[%clk 00:00:14]} 0-1

[Event "II Open Internacional Blitz Quart de Pob"]
[Site "Quart de Poblet, Spain"]
[Date "2019.08.10"]
[Round "8.7"]
[White "Hassomal Daswani, Birjkumar"]
[Black "Deruelle Sala, Albert"]
[Result "0-1"]
[WhiteElo "1971"]
[BlackElo "2105"]
[PlyCount "40"]
[EventDate "2019.??.??"]

1. e4 {[%clk 00:07:04]  [%emt 00:00:26]} 1... c5 {[%clk 00:07:05]} 2. Nc3 {
[%clk 00:07:06]} 2... e6 {[%clk 00:07:03]} 3. f4 {[%clk 00:07:07]} 3... d5 {
[%clk 00:07:05]} 4. Nf3 {[%clk 00:07:07]} 4... dxe4 {
[%clk 00:06:56]  [%emt 00:00:03]} 5. Nxe4 {[%clk 00:07:09]  [%emt 00:00:10]}
5... Nc6 {[%clk 00:06:58]} 6. Bb5 {[%clk 00:07:06]  [%emt 00:00:04]} 6... Bd7 {
[%clk 00:06:58]} 7. Bxc6 {[%clk 00:07:06]  [%emt 00:00:11]} 7... Bxc6 {
[%clk 00:07:00]} 8. Ng3 {[%clk 00:07:03]} 8... h5 {
[%clk 00:06:47]  [%emt 00:00:15]} 9. O-O {[%clk 00:06:22]  [%emt 00:00:42]}
9... h4 {[%clk 00:06:49]  [%emt 00:00:04]} 10. Ne2 {
[%clk 00:06:20]  [%emt 00:00:06]} 10... h3 {[%clk 00:06:51]} 11. gxh3 {
[%clk 00:06:00]  [%emt 00:00:17]} 11... Rxh3 {[%clk 00:06:46]  [%emt 00:00:38]}
12. Ng3 {[%clk 00:05:11]  [%emt 00:00:25]} 12... Qd5 {
[%clk 00:06:48]  [%emt 00:00:04]} 13. Qe2 {[%clk 00:05:09]  [%emt 00:00:04]}
13... O-O-O {[%clk 00:06:27]  [%emt 00:00:20]} 14. d3 {
[%clk 00:05:03]  [%emt 00:00:16]} 14... Nf6 {[%clk 00:06:22]  [%emt 00:00:04]}
15. Ng5 {[%clk 00:03:58]  [%emt 00:01:05]} 15... Rh4 {
[%clk 00:05:33]  [%emt 00:00:54]} 16. Nxf7 {[%clk 00:03:40]  [%emt 00:00:18]}
16... Ng4 {[%clk 00:05:07]  [%emt 00:00:29]} 17. Nxd8 {
[%clk 00:03:15]  [%emt 00:00:53]} 17... Rxh2 {[%clk 00:04:48]  [%emt 00:00:04]}
18. Qe4 {[%clk 00:02:02]  [%emt 00:01:09]} 18... Rg2+ {
[%clk 00:04:25]  [%emt 00:00:27]} 19. Kh1 {[%clk 00:01:56]  [%emt 00:00:35]}
19... Rxg3 {[%clk 00:04:26]} 20. Nxc6 {[%clk 00:01:46]} 20... Qh5# {
[%clk 00:04:15]  [%emt 00:00:05]} 0-1

[Event "II Open Internacional Blitz Quart de Pob"]
[Site "Quart de Poblet, Spain"]
[Date "2019.08.10"]
[Round "8.8"]
[White "Cortes Marti, Javier"]
[Black "Palao, Adriana"]
[Result "0-1"]
[WhiteElo "2011"]
[BlackElo "1623"]
[PlyCount "92"]
[EventDate "2019.??.??"]

1. d4 {[%clk 00:07:05]  [%emt 00:00:07]} 1... Nf6 {[%clk 00:07:05]} 2. c4 {
[%clk 00:07:07]} 2... e6 {[%clk 00:07:07]} 3. Nf3 {[%clk 00:07:08]} 3... Bb4+ {
[%clk 00:07:09]} 4. Bd2 {[%clk 00:07:10]} 4... Qe7 {
[%clk 00:07:11]  [%emt 00:00:09]} 5. Nc3 {[%clk 00:07:11]} 5... Bxc3 {
[%clk 00:07:12]  [%emt 00:00:04]} 6. Bxc3 {[%clk 00:07:13]} 6... Ne4 {
[%clk 00:07:14]} 7. Qc2 {[%clk 00:07:15]} 7... Nxc3 {
[%clk 00:07:14]  [%emt 00:00:04]} 8. Qxc3 {[%clk 00:07:17]} 8... Nc6 {
[%clk 00:07:16]} 9. a3 {[%clk 00:07:13]  [%emt 00:00:08]} 9... O-O {
[%clk 00:07:13]  [%emt 00:00:13]} 10. e4 {[%clk 00:07:15]} 10... d6 {
[%clk 00:07:13]  [%emt 00:00:04]} 11. Bd3 {[%clk 00:07:11]} 11... e5 {
[%clk 00:07:05]  [%emt 00:00:10]} 12. d5 {[%clk 00:07:10]  [%emt 00:00:12]}
12... Nd8 {[%clk 00:07:05]} 13. O-O {[%clk 00:07:10]  [%emt 00:00:08]} 13...
Bg4 {[%clk 00:07:06]} 14. Nd2 {[%clk 00:07:08]  [%emt 00:00:03]} 14... Qg5 {
[%clk 00:07:05]} 15. f3 {[%clk 00:06:39]  [%emt 00:00:31]} 15... Bd7 {
[%clk 00:06:52]  [%emt 00:00:13]} 16. Rf2 {[%clk 00:06:25]  [%emt 00:00:20]}
16... f5 {[%clk 00:06:47]  [%emt 00:00:05]} 17. exf5 {
[%clk 00:06:19]  [%emt 00:00:11]} 17... Bxf5 {[%clk 00:06:47]  [%emt 00:00:24]}
18. Ne4 {[%clk 00:06:19]} 18... Qg6 {[%clk 00:06:23]  [%emt 00:00:06]} 19. c5 {
[%clk 00:06:07]  [%emt 00:00:19]} 19... Nf7 {[%clk 00:06:13]  [%emt 00:00:42]}
20. b4 {[%clk 00:05:43]  [%emt 00:00:03]} 20... Ng5 {
[%clk 00:06:03]  [%emt 00:00:09]} 21. Nxg5 {[%clk 00:05:35]  [%emt 00:00:08]}
21... Qxg5 {[%clk 00:06:03]  [%emt 00:00:11]} 22. Bxf5 {
[%clk 00:05:16]  [%emt 00:00:13]} 22... Qxf5 {[%clk 00:06:02]  [%emt 00:00:09]}
23. Re1 {[%clk 00:05:11]  [%emt 00:00:08]} 23... Rf6 {
[%clk 00:05:33]  [%emt 00:00:57]} 24. Re4 {[%clk 00:05:11]} 24... Raf8 {
[%clk 00:05:32]  [%emt 00:00:10]} 25. Rfe2 {[%clk 00:04:51]} 25... Rg6 {
[%clk 00:05:31]} 26. Kh1 {[%clk 00:04:39]  [%emt 00:00:09]} 26... Qh5 {
[%clk 00:05:28]  [%emt 00:00:26]} 27. cxd6 {[%clk 00:04:24]  [%emt 00:00:04]}
27... Rh6 {[%clk 00:05:03]  [%emt 00:00:24]} 28. h3 {
[%clk 00:04:21]  [%emt 00:00:08]} 28... cxd6 {[%clk 00:05:02]  [%emt 00:00:04]}
29. Rc2 {[%clk 00:04:07]  [%emt 00:00:14]} 29... Qf5 {
[%clk 00:04:37]  [%emt 00:00:43]} 30. Rg4 {[%clk 00:03:05]  [%emt 00:01:23]}
30... Rhf6 {[%clk 00:02:35]  [%emt 00:02:14]} 31. Rc4 {[%clk 00:02:40]} 31...
e4 {[%clk 00:01:22]  [%emt 00:01:03]} 32. Rxe4 {
[%clk 00:02:32]  [%emt 00:00:09]} 32... Qxd5 {[%clk 00:01:21]  [%emt 00:00:18]}
33. Rd2 {[%clk 00:02:15]  [%emt 00:00:06]} 33... Qc6 {
[%clk 00:01:09]  [%emt 00:00:25]} 34. Rc4 {[%clk 00:02:00]  [%emt 00:00:09]}
34... Qe8 {[%clk 00:00:53]  [%emt 00:00:18]} 35. Re4 {
[%clk 00:01:43]  [%emt 00:00:38]} 35... Qd7 {[%clk 00:00:51]} 36. Qc4+ {
[%clk 00:01:25]  [%emt 00:00:08]} 36... Kh8 {[%clk 00:00:37]  [%emt 00:00:38]}
37. Kh2 {[%clk 00:01:19]} 37... Rc8 {[%clk 00:00:30]  [%emt 00:00:03]} 38. Qd4
{[%clk 00:01:01]  [%emt 00:00:18]} 38... Qc7 {[%clk 00:00:19]  [%emt 00:00:13]}
39. f4 {[%clk 00:00:49]  [%emt 00:00:13]} 39... d5 {
[%clk 00:00:14]  [%emt 00:00:26]} 40. Re5 {[%clk 00:00:49]} 40... Qf7 {
[%clk 00:00:09]  [%emt 00:00:19]} 41. g3 {[%clk 00:00:41]} 41... Rd6 42. Qxa7 {
[%clk 00:00:20]  [%emt 00:00:24]} 42... h6 {[%clk 00:00:06]  [%emt 00:00:03]}
43. Qe3 {[%clk 00:00:13]} 43... Rcd8 {[%clk 00:00:06]  [%emt 00:00:07]} 44. Re7
{[%clk 00:00:09]  [%emt 00:00:06]} 44... Qf6 {[%clk 00:00:07]  [%emt 00:00:04]}
45. Rxb7 {[%clk 00:00:07]  [%emt 00:00:08]} 45... d4 {
[%clk 00:00:08]  [%emt 00:00:07]} 46. Qe7 Qg6 {[%emt 00:00:03]} 0-1

[Event "II Open Internacional Blitz Quart de Pob"]
[Site "Quart de Poblet, Spain"]
[Date "2019.08.10"]
[Round "8.9"]
[White "Gil Pou, Jose Luis"]
[Black "Nieto Tornero, Jose"]
[Result "0-1"]
[WhiteElo "1655"]
[BlackElo "1932"]
[PlyCount "38"]
[EventDate "2019.??.??"]

1. c4 {[%clk 00:06:53]  [%emt 00:00:12]} 1... Nf6 {
[%clk 00:07:03]  [%emt 00:00:03]} 2. Nc3 {[%clk 00:06:54]  [%emt 00:00:02]}
2... c6 {[%clk 00:07:01]  [%emt 00:00:04]} 3. e4 {
[%clk 00:06:55]  [%emt 00:00:02]} 3... e5 {[%clk 00:07:03]  [%emt 00:00:02]} 4.
d3 {[%clk 00:06:56]  [%emt 00:00:02]} 4... d5 {[%clk 00:06:54]  [%emt 00:00:12]
} 5. cxd5 {[%clk 00:06:45]  [%emt 00:00:14]} 5... cxd5 {
[%clk 00:06:56]  [%emt 00:00:01]} 6. Bg5 {[%clk 00:06:23]  [%emt 00:00:25]}
6... dxe4 {[%clk 00:06:00]  [%emt 00:00:58]} 7. Bxf6 {
[%clk 00:06:11]  [%emt 00:00:15]} 7... Qxf6 {[%clk 00:05:58]  [%emt 00:00:05]}
8. Nxe4 {[%clk 00:05:56]  [%emt 00:00:18]} 8... Bb4+ {
[%clk 00:05:56]  [%emt 00:00:06]} 9. Nc3 {[%clk 00:05:57]  [%emt 00:00:01]}
9... O-O {[%clk 00:05:53]  [%emt 00:00:06]} 10. Nf3 {
[%clk 00:05:48]  [%emt 00:00:12]} 10... e4 {[%clk 00:05:31]  [%emt 00:00:24]}
11. Nd2 {[%clk 00:05:27]  [%emt 00:00:24]} 11... exd3 {
[%clk 00:05:11]  [%emt 00:00:24]} 12. Bxd3 {[%clk 00:05:26]  [%emt 00:00:03]}
12... Bxc3 {[%clk 00:04:46]  [%emt 00:00:29]} 13. bxc3 {
[%clk 00:05:26]  [%emt 00:00:03]} 13... Qxc3 {[%clk 00:04:46]  [%emt 00:00:03]}
14. Be2 {[%clk 00:05:10]  [%emt 00:00:19]} 14... Nc6 {
[%clk 00:04:16]  [%emt 00:00:33]} 15. Rc1 {[%clk 00:05:00]  [%emt 00:00:14]}
15... Qa5 {[%clk 00:04:06]  [%emt 00:00:14]} 16. O-O {
[%clk 00:04:35]  [%emt 00:00:27]} 16... Rd8 {[%clk 00:04:00]  [%emt 00:00:09]}
17. Rc2 {[%clk 00:04:37]  [%emt 00:00:02]} 17... Bf5 {
[%clk 00:03:59]  [%emt 00:00:04]} 18. Rb2 {[%clk 00:04:17]  [%emt 00:00:22]}
18... Qc3 {[%clk 00:03:50]  [%emt 00:00:12]} 19. Qc2 {
[%clk 00:04:07]  [%emt 00:00:13]} 19... Bxc2 {[%clk 00:03:46]  [%emt 00:00:07]}
0-1